| 000 | 00451nam a22001577a 4500 | ||
|---|---|---|---|
| 005 | 20260306045152.0 | ||
| 008 | 240905b |||||||| |||| 00| 0 eng d | ||
| 020 | _a9788127236878 | ||
| 082 | _a338.5 | ||
| 100 | _aKaushal T.L. | ||
| 245 |
_aManagerial Economics: _b(For M.Com. Students of H.P., M.D & Kurukshetra Universities) |
||
| 250 | _a1st ed. | ||
| 260 |
_aNew Delhi; _bKalyani Publisher, _c2002 |
||
| 300 |
_a432 p.; _c24 Cm |
||
| 942 |
_2ddc _cMAIN |
||
| 999 |
_c9996 _d9997 |
||